000
00270nam a22000977a 4500
008
160523b xxu||||| |||| 00| 0 eng d
041
_a
eng
080
_a
615
245
_a
Review of medical pharmacology:
_c
Fdederick H. Meyers; Ernest Jawetz; Alan Goldfien;
942
_2
udc
_c
BK
999
_c
2399
_d
2399